00466nam a22001577a 450000500170000000800410001702000260005804000090008404100120009308200150010510000200012024500570014026000540019730000080025165000490025920260526162640.0260526b |||||||| |||| 00| 0 eng d a9789391125349c395.00 aMAIN aEnglish a634.9bSHA aSharma, Sunayan aWild Treasures And Adventures b: A Foresters Diary  a Dehradun bBishan Singh Mahindra Pal Singhc2025 a112 aUttarakhand Collection : Himalaya Collection